000 02198cam a22005294i 4500
003 PE-LiUPU
005 20250731165640.0
008 150616s r 000 0 d
020 _a0198612710
035 _a(Sirsi) i9780198612711
040 _aPE-LiUPU
_bspa
_cPE-LiUPU
_erda
049 _aPRUA
082 0 4 _a423.03
_bO95
_221
110 2 _aOxford University Press
245 1 4 _aThe New Shorter Oxford English Dictionary on historical principles.
_n2.
264 1 _aNew York :
_bClarendon Press,
_c1993.
300 _a2024 páginas ;
_c29 centímetros
336 _atext
_2rdacontent
337 _aunmediated
_2rdamedia
338 _avolume
_2rdacarrier
505 0 _aDiccionario en inglés de (N-Z) Diccionario.
526 _aSEG44
526 _aSEG26
526 _aP151
526 _aP150
526 _aP149
526 _aP146
526 _aP145
526 _aP126
526 _aP125
526 _aP92
526 _aP75
526 _aP74
526 _aP27
526 _aP15
650 0 4 _aInglés
_vDiccionarios.
650 0 4 _aInglés
_xEtimología
_vDiccionarios.
910 _ajck
_bjvq
_cjck
942 _2ddc
_cBOOK
949 _aRC 423.03 O95 2
_wDEWEY
_c1
_i40581
_lCCODEBUL1
_mBUL
_r0
_sY
_tBOOK
_u2015-6-16
_xTEOLOGIA
_zUNKNOWN
_0COMPRA
_o.CIRCNOTE. No olvidar cambiar la fecha de devolución!!!!!!!
_o.STAFF. Colección General
949 _aRC 423.03D O95 1
_wDEWEY
_c1
_i40580
_d2016-8-11
_e2016-8-11
_lCCODEBUL1
_mBUL
_n1
_r0
_sY
_tBOOK
_u2015-6-16
_xTEOLOGIA
_zUNKNOWN
_0COMPRA
_o.CIRCNOTE. No olvidar cambiar la fecha de devolución!!!!!!!
_o.STAFF. Colección General
994 _aC0
_bPEPRU
596 _a1
999 _aRC 423.03D O95 1
_wDEWEY
_c58365
_i40580
_d58365
_e2016-8-11
_f2019-12-11
_g4
_lDISCARD
_mBUL
_n1
_q2
_r1
_sY
_tBOOK
_u2015-6-16
_xTEOLOGIA
_zUNKNOWN
_0COMPRA
_o.CIRCNOTE. No olvidar cambiar la fecha de devolución!!!!!!!
_o.STAFF. Colección General
999 _aRC 423.03 O95 2
_wDEWEY
_c1
_i40581
_d2019-11-13
_f2021-11-8
_g5
_lRCG
_mBUL
_q4
_r1
_sY
_tBOOK
_u2015-6-16
_xBIBLIOTECA
_zUNKNOWN
_0COMPRA
_o.CIRCNOTE. No olvidar cambiar la fecha de devolución!!!!!!!
_o.STAFF. Colección General
980 _81
_gALBERTO SANCHEZ Responsable de Automatización